تفسير روائع البيان لمعاني القرآن / (رقم التسجيلة. 116921)

تفاصيل مارك
000 -LEADER
fixed length control field 00580nam a22001937a 4500
005 - DATE AND TIME OF LATEST TRANSACTION
control field 20251108174737.0
008 - FIXED-LENGTH DATA ELEMENTS--GENERAL INFORMATION
fixed length control field 250721s1997 xx 000 0 ara d
082 14 - DEWEY DECIMAL CLASSIFICATION NUMBER
Classification number 212/جبر
100 1# - MAIN ENTRY--PERSONAL NAME
Personal name جبر، أيمن عبد العزيز
Relator term مؤلف
245 10 - TITLE STATEMENT
Title تفسير روائع البيان لمعاني القرآن /
250 ## - EDITION STATEMENT
Edition statement ط2
264 1# - PRODUCTION, PUBLICATION, DISTRIBUTION, MANUFACTURE, AND COPYRIGHT NOTICE
Place of production, publication, distribution, manufacture عمان :
Name of producer, publisher, distributor, manufacturer الأرقم،
Date of production, publication, distribution, manufacture, or copyright notice 1997.
300 ## - PHYSICAL DESCRIPTION
Extent 165ص.
650 17 - SUBJECT ADDED ENTRY--TOPICAL TERM
Topical term or geographic name as entry element القرآن الكريم
650 17 - SUBJECT ADDED ENTRY--TOPICAL TERM
Topical term or geographic name as entry element تفسير القرآن
700 1# - ADDED ENTRY--PERSONAL NAME
Personal name نوفل، أحمد
Relator term مراجع
942 ## - ADDED ENTRY ELEMENTS (KOHA)
Source of classification or shelving scheme Dewey Decimal Classification
Koha item type كتب
المقتنيات
حالة السحب حالة الفقدان مصدر التصنيف حالة التلف غير قابل للإعارة المكتبة الرئيسية المكتبة الحالية موقع الرف تاريخ التزويد الرقم المتسلسل Total Checkouts رقم الإستدعاء الباركود تاريخ آخر ظهور تاريخ الفاتورة نوع المادة (كوها)
    Dewey Decimal Classification     مكتبة ومركز فرح مكتبة ومركز فرح الإعارة 02/07/2009 1302019   212/جبر PLD00099696 28/07/2025 02/07/2009 كتب
Implemented & Customized by: BBB with SCIT (Smart Chains for Information Technology)

Powered by Koha